00706nam a2200181 a 4500003000200000005001700002008004100019050002900060100003000089245011500119260009000234300002800324504004100352650002100393650003800414650002800452651004400480020250203100539.0130723s19uu xx 00 eng d aPHS DK 510.4b.G643 2013 aGonzalez, Ma. Cristina B. aA parallelism on the curse and death of the Romanov's during the Russian upheaval /cMa. Cristina B. Gonzalez. aLas Piñas City, Philippines :bSouthville International School and Colleges,c2013. a92 p. :bill. ;c28 cm. aIncludes bibliographical references. aRomanov, Family. aRomanov FamilyvDeath and Burial. aRoyal FamilieszRussia. aRussiavHistoryxRevolution, 1917-1921.